LEADER 00878nam0-22002891i-450 001 990004460870403321 005 20210607164640.0 035 $a000446087 035 $aFED01000446087 035 $a(Aleph)000446087FED01 035 $a000446087 100 $a19990530d1911----km-y0itay50------ba 101 0 $aita 105 $ay-------001yy 200 1 $a<>nouvelle psychologie animale$fGeorges Bohn 210 $aParis$cLibrairie Felix Alcan$d1911 215 $aII, 200 p.$d18 cm 300 $aIn front.: Ouvrage couronne' par l'Academie des sciences morales et politiques, 700 1$aBohn,$bGeorges$084827 801 0$aIT$bUNINA$gRICA$2UNIMARC 901 $aBK 912 $a990004460870403321 952 $a5/ VI E 54$bbibl.5645$fFLFBC 952 $a3/XIII BIS BB 46$bS.I.$fFLFBC 959 $aFLFBC 996 $aNouvelle psychologie animale$9545376 997 $aUNINA LEADER 01359aam 2200397I 450 001 9910710282203321 005 20160121100808.0 024 8 $aGOVPUB-C13-41e6596d85e8a5a4b7fb5aefc387989c 035 $a(CKB)5470000002476462 035 $a(OCoLC)935499306 035 $a(EXLCZ)995470000002476462 100 $a20160121d1980 ua 0 101 0 $aeng 181 $2rdacontent 182 $2rdamedia 183 $2rdacarrier 200 10$aCollaborative reference program for paper $ereport no. 61G /$fR. G. Powell; J. Horlick 210 1$aGaithersburg, MD :$cU.S. Dept. of Commerce, National Institute of Standards and Technology,$d1980. 215 $a1 online resource 225 1 $aNBSIR ;$v80-1821 300 $a1980. 300 $aContributed record: Metadata reviewed, not verified. Some fields updated by batch processes. 300 $aTitle from PDF title page. 320 $aIncludes bibliographical references. 517 $aCollaborative reference program for paper 700 $aPowell$b R. G$01386938 701 $aHorlick$b J$01386491 701 $aPowell$b R. G$01386938 712 02$aUnited States.$bNational Bureau of Standards. 801 0$bNBS 801 1$bNBS 801 2$bGPO 906 $aBOOK 912 $a9910710282203321 996 $aCollaborative reference program for paper$93441856 997 $aUNINA